00888nam a2200193 i 450000100060000000300090000600500170001500700030003200800410003508000080007610000250008424500710010926000360018030000200021650503850023665000310062165000180065285200240067037964ES-MaACL20230906155655.0t|030224s1930 fr ||||1| fre d a9291 aCabanès, Augustin.10aGrands névropathes b: malades immortels / cAugustin Cabanès. aParis : bAlbin Michel, c1930. a3 v. ; c19 cm.8 aContiene: T. I: Bandelaire. Byron. Chateaubriand. Moliere. Pascal. Shelley. Wagner. -- T. II: La fontaine. Rosseau. Retif de la Bretonne. Bernandin de Saint Pierre. Lamennais. Auguste Comte. Alfred de Musset. Victor Hugo. Sainte Beuve. Les freres de Goncourt. -- T. III: Hoffmann. Heine. Swift. Quincey. Coleridge. Cooper. Jennyson. Chopin Gogol. Gontcharov. Lermontov Dostoievsky 4aEscritores-vBiografías. 4aCelebridades.4 aES-MaACLjA-4259-61